'U' American History Quiz Stats

 Plays Quiz Updated Aug 2, 2017

Support Sporcle.
Go Orange.
Score 0/20 Timer 07:00
4 Plays Today
Hint Answer % Correct
What state was admitted to the Union on January 4, 1896?Utah
95.1%
What airline had two of its planes, Flight 175 and Flight 93, hijacked during the 9/11 attacks?United Airlines
94%
What network of secret routes and safe houses was used by escaped slaves to find freedom in the North?Underground Railroad
94%
Although his birth name was Hiram, by what first name was President Grant commonly called?Ulysses
91.4%
What instrument was introduced to the Hawaiian islands by Portuguese immigrants?Ukulele
87.2%
What university, founded in 1882, was known as the State Normal School at Los Angeles until 1919?UCLA
86.4%
In 2011, President Obama ordered the deployment of 100 military advisers to what country to combat the Lord's Resistance Army?Uganda
85.7%
What abolitionist novel was published in 1852 by Harriet Beecher Stowe?Uncle Tom's Cabin
82.6%
What statistic was at an all-time post-WWII high, at 10.8%, in 1982?Unemployment
82.2%
What term was used to refer to the United States during the Civil War?Union
80.5%
Hint Answer % Correct
What nickname was given to anarchist and murderer Ted Kaczynski?Unabomber
79.9%
What Baltimore Colts quarterback in the 1950s, 1960s, and 1970s was also known as 'The Golden Arm'?Johnny Unitas
69.7%
Robert Owen bought the town of New Harmony, Indiana, in 1825 with the intent of turning it into what type of community?Utopia
67.1%
What type of plane was flying reconnaissance over Soviet airspace when it was shot down in 1960?U-2
56.9%
What newspaper has the 3rd largest circulation in the United States?USA Today
56.3%
What organization has declared Independence Hall and the Statue of Liberty to be two of the 23 World Heritage sites in the U.S.?UNESCO
55.1%
Having only one legislative chamber, Nebraska is the only state with what type of legislature?Unicameral
54.6%
What New York city was dubbed 'the city that God forgot' due to 20th century political corruption and organized crime?Utica
54.4%
What novelist and poet wrote the 1960 book 'Rabbit, Run'?John Updike
44.4%
Winning in 1970, 1971, 1978, and 1987, who is one of only three people to have won the Indy 500 four times?Al Unser
44.3%

You're not logged in!

Compare scores with friends on all Sporcle quizzes.
OR
Log In
Forgot?

From the Vault

Find the Countries of South America

by eon

There are only 12, but finding them on a map is a whole lot more difficult.
Remove Ads.
Support Sporcle.
Get the best of Sporcle when you Go Orange. This ad-free experience offers more features, more stats, and more fun while also helping to support Sporcle. Thank you for becoming a member.

Show Comments

Extras

Top Quizzes Today


Score Distribution

Your Account Isn't Verified!

In order to create a playlist on Sporcle, you need to verify the email address you used during registration. Go to your Sporcle Settings to finish the process.

Report this User

Report this user for behavior that violates our Community Guidelines.

Details: